01299cam a22003257a 4500003000500000005001700005008004100022010000800063011000900071035000900080040000900089090001000098100005300108245020500161260004000366300002300406502007700429590003700506590004100543590004100584590004100625590004200666650003200708650003500740901000700775942001000782949004100792999001300833952012700846CHAP20220329132959.0971013s1990 r 00010 d a906 a1878 a1063 cCHAP aTesis00aBarranco Gómez, María de los Angeles.910337 0aExploración etnobotánica de plantas medicinales en los huertos familiares de las comunidades de Zoloquiapa municipio de Tilapa y Santa Cruz Baqueroncito, municipio de Tehuitzingo, estado de Puebla aChapingo, Méx. :bEl autor,c1990 a109 h.b: gráfs. aTesis (Ing. Agr. Esp. en Fitotecnia) -- UACH. Departamento de Fitotecnia aALEPHb10c20130110lUCH01h1206 aBATCH-UPDb10c20130110lUCH01h1134 aBATCH-UPDb10c20130410lUCH01h0722 aBATCH-UPDb10c20130914lUCH01h0740 aCONVERSIONb10c20130109lUCH01h130214aBotánica médica.91468014aEtnobotánicaxPuebla.938632 aBK cTESIS bBCcTESd-10527eTS1h23206i1063si c906d906 00102local4051708TESISaBCbBCcPA_TESISd2019-12-31fTESISl0oTesisp-10527r2019-12-31 00:00:00w2019-12-31yTESIS